| 000 | 01061aam a2200337 i 4500 | ||
|---|---|---|---|
| 999 |
_c45993 _d45993 |
||
| 001 | 768714001 | ||
| 003 | CO-MdFUSB | ||
| 005 | 20230331062543.0 | ||
| 007 | ta | ||
| 008 | 200515t1978 enk |||| |||| 00| 0 eng d | ||
| 020 | _a334013321 | ||
| 040 |
_bspa. _aCO-MdFUSB _cCO-MdFUSB _dCO-MdFUSBC _erda |
||
| 041 | _aeng | ||
| 082 |
_223 _a241 _bG982 |
||
| 100 | 1 |
_aGustafson, James M. _eautor |
|
| 245 | 1 | 0 |
_aProtestant and roman catholic ethics _c/ James M. Gustafson |
| 264 | 1 |
_aLondres : _bSCM Press, _c[1978] |
|
| 264 | 4 | _c© 1978 | |
| 300 |
_a192 páginas _c; 23 cm |
||
| 336 |
_atexto _btxt _2rdacontent |
||
| 337 |
_2rdamedia _asin mediación _bn |
||
| 338 |
_2rdacarrier _avolumen _bnc |
||
| 505 | _aDivergencias históricas - Razonamiento moral práctico - Bases filosóficas - Bases teológicas - Cuestiones básicas y perspectivas para el futuro | ||
| 563 | _aPasta dura | ||
| 610 | 2 | 7 | _aIglesia Católica |
| 650 | 7 |
_aÉtica cristiana _2 _9185 |
|
| 650 | 0 |
_9947 _aProtestantismo |
|
| 942 | _cBK | ||
| 945 | _aJTF-925 | ||